TEXTBOOK OF GYNECOLOGY INCLUDING CONTRACEPTION (Record no. 8391)

MARC details
000 -LEADER
fixed length control field 00445nam a22001697a 4500
005 - DATE AND TIME OF LATEST TRANSACTION
control field 20230818112431.0
008 - FIXED-LENGTH DATA ELEMENTS--GENERAL INFORMATION
fixed length control field 230818b |||||||| |||| 00| 0 eng d
020 ## - INTERNATIONAL STANDARD BOOK NUMBER
ISBN 978-93-89587-88-3
041 ## - LANGUAGE CODE
Language code of text/sound track or separate title eng
100 ## - MAIN ENTRY--AUTHOR NAME
Personal name DUTTA, D C AND KONAR, HIRALAL
245 ## - TITLE STATEMENT
Title TEXTBOOK OF GYNECOLOGY INCLUDING CONTRACEPTION
250 ## - EDITION STATEMENT
Edition statement 8TH ED,
260 ## - PUBLICATION, DISTRIBUTION, ETC. (IMPRINT)
Place of publication NEW DELHI
Name of publisher JAYPEE BROTHERS
Year of publication 2023
300 ## - PHYSICAL DESCRIPTION
Number of Pages 586;P
650 ## - SUBJECT ADDED ENTRY--TOPICAL TERM
Topical Term BPT
942 ## - ADDED ENTRY ELEMENTS (KOHA)
Koha item type Books
Holdings
Lost status Damaged status Collection code Home library Current library Shelving location Date acquired Source of acquisition Cost, normal purchase price Accession Number Koha item type
    PHYSIOTHERAPY JRU Library JRU Library SHELF-20-I 05/08/2023 PURCHASE [LBI] 1195.00 27902 Books
    PHYSIOTHERAPY JRU Library JRU Library SHELF-20-I 05/08/2023 PURCHASE [LBI] 1195.00 27903 Books
    PHYSIOTHERAPY JRU Library JRU Library SHELF-20-I 05/08/2023 PURCHASE [LBI] 1195.00 27904 Books